00357nam a2200145Ia 4500003000400000008004100004040001600045082001800061100002000079245004100099260004200140300000800182650001200190650000900202GCL140319s9999 xx 000 0 eng d aGCL / cGCL04a746.0439bS B1 aSCOTT, PHILIPPA10aTHE BOOK OF SILK / cSCOTT, PHILIPPA a[S.N] : bTHAMES AND HUDSON ، c1993 a25604aTEXTILE04aSILK